000 00453 a2200157 4500
999 _c3052
_d3052
020 _a9780409060638
050 _aKF350 VAN 1995
100 _aVan ZYl, DH
_eauthor
245 _aHistory and principles of Roman private law /
_cDH Van ZYL
264 _aDurban :
_bButterworths,
_c1995
300 _a471p. :
500 _aIncludes bibliographical references and index
650 _aRoman
_xPrivate law
651 _aRoman
942 _2lcc
_cBK
_h350
_iVAN
_kKF